000 00653nam a2200217Ii 4500
003 JO-AjNU
008 230605s9999||||xx |||||||||||||| ||und||
017 _a1979/3773
020 _a997-316-390-3
040 _aJO-AjNU
_bara
_erda
_cJO-AjNU
041 _aara
050 1 4 _aPJ7852.A54.H821979
100 3 _aتأليف محفوظ،نجيب,
_eauthor
_914016
245 0 0 _aالحب فوق هضبة الهرم
264 3 1 _aالقاهرة:مكتبة مصر،1979
300 _a276ص
336 _atext
_btxt
_2rdacontent
337 _aunmediated
_bn
_2rdamedia
338 _avolume
_bnc
_2rdacarrier
650 4 _aالأدب العربي - قصص
_914017
999 _aA3637
_c7205
_d7205